000 00460nam a22001697a 4500
001 8720
003 FISKH
005 20251014083838.0
008 251014b cb ||||| |||| 00| 0 eng d
040 _aFISKH
_beng
_cFISKH
_dFISKH
082 _a372.623
100 _aAnonymous
245 _aEarly childhood program: picture and writing journal /
260 _aPhnom Penh :
_bFootprint,
_c2015.
300 _aunnumbered pages :
_c22 x 30 cm
942 _2ddc
_cBK
_n0
999 _c8720
_d8720